000 00526cam a22001577a 4500
008 180718b1934 xxu||||| |||| 00| 0 eng d
082 _aT253 J483
100 _aJerome, Harry
245 _aMechanization in industry
_cby Harry Jerome
260 _aNew York
_bNational Bureau of Economic Research
_c1934
300 _a484p.
500 _aNational Bureau of Economic Research Pub. 27
650 _aUnited States --Economic conditions --1918-1945
650 _aIndustries --United States
650 _aMachinery in the workplace
999 _c371310
_d371310